The Indian Penal Code, 1860: (Record no. 206576)

MARC details
000 -LEADER
fixed length control field 00566nam a22001697a 4500
005 - DATE AND TIME OF LATEST TRANSACTION
control field 20241022145104.0
010 ## - LCCN (DPL NO)
LC control number ENG-142238
020 ## - INTERNATIONAL STANDARD BOOK NUMBER
International Standard Book Number 9788180387319
Terms of availability 595.00
035 ## - SYSTEM CONTROL NUMBER
System control number EN-125770
037 ## - SOURCE OF ACQUISITION
Source of stock number/acquisition DBAD
082 ## - DEWEY DECIMAL CLASSIFICATION NUMBER
Classification number 345.405002632
245 ## - TITLE STATEMENT
Title The Indian Penal Code, 1860:
Remainder of title The Code of Criminal Procedure, 1973 The Indian Evidence Act, 1872
260 ## - PUBLICATION, DISTRIBUTION, ETC. (IMPRINT)
Place of publication, distribution, etc Haryana
Name of publisher, distributor, etc Lexis Nexis
Date of publication, distribution, etc 2012
270 ## - ADDRESS
Address 14th Floor, Building No. 10, Tower-B, DLF Cyber City,
City Gurgaon
Postal code 122002
300 ## - PHYSICAL DESCRIPTION
Extent 827p.
Dimensions 16cm(hb)
942 ## - ADDED ENTRY ELEMENTS (KOHA)
Item type Children Books
Source of classification or shelving scheme Dewey Decimal Classification
Classification part 345.405002632
Call number prefix
Holdings
Withdrawn status Lost status Not for loan Collection code Home library Current library Date acquired Source of acquisition Cost, normal purchase price Full call number Barcode Copy number Cost, replacement price Koha item type
      Non-fiction Central Library Central Library 22/10/2024 DBAD 595.00 345.405002632 EN-125770 1 595.00 English Books

© Delhi Public Library
Hit Counter
free hit counter